Ultimate Marvel Quiz - Statistics

General Stats
  • This quiz has been taken 46 times
    31 since last reset
  • The average score is 11 of 18
Answer Stats
Hint Answer % Correct
Which Avenger is Very Good With a Bow? Hawkeye
93%
Who is Quicksilver's sister? Scarlet Witch
93%
Who killed Iron Man's parents? Winter Soldier
93%
Which Avenger is a billionaire? Iron Man
89%
Who is the leader of S.H.I.E.L.D.? Nick Fury
85%
Who is the First Avenger? Captain America
81%
Who is the Most Powerful Marvel Villain Thanos
78%
What Team does Professor X Lead? X Men
70%
What is Hulk's full name? Bob Banner
67%
Who is Dr. Strange's partner? Wong
67%
Who is Captain America's friend? Falcon
52%
What is Captain Marvel's real name? Carol Danvers
48%
What is Daredevil's full name? Matt Murdock
48%
Who Did Luke Cage Marry? Jessica Jones
41%
Who is the Leader of Hammer Industries? Justin Hammer
41%
What is the Silver Surfer's Full Name? Norrin Radd
30%
Who helped Iron Man make his MK1? Yinsen
19%
Who Did Quicksilver Marry? Crystal
11%
No matching quizzes found
Score Distribution
Percent of People with Each Score
Percentile by Number Answered
Your Score History
You have not taken this quiz since the last reset